Responses for show #2844 - Thursday, January 2, 1997

Claudia Perry game 2.

Contestants

Kurt Bodden, an industrial designer from San Francisco, California

Nancy Senter, a medical administrator from Los Angeles, California

Claudia Perry, a pop music critic from San Jose, California (whose 1-day cash winnings total $10,101)

Jeopardy! Round responses

THE LEAGUE OF NATIONS
SWEETS
SCIENTISTS
POP MUSIC
TRAVEL U.S.A.
TV CHIEFS
    $100 16
Soviet Union/USSR/Russia

Kurt
    $100 2
(Nancy answered "What is cocoa?", but didn't ring in before Kurt)

White Chocolate

Kurt
    $100 23
(we have less than a minute to go...)

France

Nancy
    $100 1
Tina Turner

Nancy
    $100 10
New Orleans

Nancy
    $100 18
Maxwell Smart/Agent 86

Kurt
    $200 17
Haile Selassie

Claudia
    $200 3
Knott's Berry Farm

Kurt
    $200 24
(C: What is Jupiter?)

Mars

ClaudiaKurt
    $200 6
U2

Claudia
    $200 12
(K: What is Old Sturbridge Village?)

Boston

ClaudiaKurt
    $200 19
Deep Space Nine

Claudia
    $300 25
Woodrow Wilson

Kurt
    $300 4
Snails

Nancy
    $300 27
(N: Who was Julian?)

Julius Caesar

ClaudiaNancy
    $300 7
Roger Miller

Claudia
    $300 13
Florida

Kurt
    $300 20
Don Rickles

Triple Stumper
    $400 26
Secretary-General

Claudia
    $400 5
Trifle

Claudia
    $400 29
(N: What is Oxford?)
(buzzer sounds)
(A: That's a bad break, Nancy; you've got a choice and so often we select the wrong one - that's alright!)

Cambridge

ClaudiaNancy
    $400 8
Grand Ole Opry

Claudia
    $400 14
Treasure Island

Kurt
    $500 21
(Claudia: What is Reading Rainbow?)

"Where In The World (or Time) is Carmen Sandiego?"

Claudia
    $500 28
Europe

Kurt
    $500 11
Cheese

Claudia
    $500 9
(A: Yeah, well done!)

Mark Lindsay

Claudia
    $500 15
Maui

Kurt
    $500 22
Robert Ironside

Nancy

Scores at the first commercial break (after clue 15):

Claudia Nancy Kurt
$2,500 $500 $1,300

Scores at the end of the Jeopardy! Round:

Claudia Nancy Kurt
$3,300 $400 $2,500

Double Jeopardy! Round responses

DANCE, MYTH & LEGEND
WORLD CITIES
NOTABLE NAMES
PLANTS & TREES
THE SUPREME COURT
CONTEMPORARY NOVELISTS
    $200 18
Oedipus

Claudia
    $200 1
Venice

Kurt
    $200 7
Alexander Graham Bell

Kurt
    $200 12
Carrots

Claudia
    $200 26
American Bar Association

Claudia
    $200 3
"The Eagle Has Landed"

Nancy
    $400 22
Muses

Claudia
    $400 2
Teheran

Claudia
    $400 8
Sarah Bernhardt

Claudia
    $400 13
Peas

Kurt
    $400 17
Ken Kesey

Kurt
    $600 23
Chloe

Claudia
    $600 4
(C: What is Amsterdam?)

Rotterdam

ClaudiaNancy
    $600 9
Dr. Jonas Salk

Claudia
    $600 14
Cedar

Nancy
    $600 27
Teapot Dome

Claudia
    $600 19
Pat Conroy

Claudia
    $800 24
(minute to go....)

Isis

Kurt
    $800 5
Sao Paulo

Kurt
    $800 10
(Kurt: Who is Gutzon Borglund?)

Gutzon Borglum

NancyKurt
    $800 15
Lewis Carroll

Claudia
    $800 28
Felix Frankfurter

Claudia
    $800 20
Elmore Leonard

Claudia
    $1000 25
Eurydice

Nancy
    $1000 6
Victoria

Nancy
    $1000 11
George Sand

Nancy
    $1000 16
Irises

Nancy
    $1000 29
[The end-of-round signal sounds.]

Earl Warren

Claudia
    $1000 21
William Kennedy

Kurt

Scores at the end of the Double Jeopardy! Round:

Claudia Nancy Kurt
$10,300 $6,600 $5,500

[wagering suggestions for these scores]

Final Jeopardy! Round responses

WORD ORIGINS
KurtWhat is "Neighbor"?
$5,500
NancyWhat is neighbor?
$6,500
ClaudiaWhat is neighbor?
$2,901
Neighbor

Final scores:

Claudia Nancy Kurt
$13,201 $13,100 $11,000
2-day champion: $23,302 2nd place: Broyhill Home Theater & Panasonic 27-inch Color TV 3rd place: Daniel Mink Bolero Watch

Game dynamics:

Coryat scores:

Claudia Nancy Kurt
$10,800 $6,600 $5,500
26 R
(including 2 DDs),
3 W
(including 1 DD)
13 R,
2 W
17 R,
2 W

Combined Coryat: $22,900

The J! Archive is created by fans, for fans. The Jeopardy! game show and all elements thereof, including but not limited to copyright and trademark thereto, are the property of Jeopardy Productions, Inc. and are protected under law. This website is not affiliated with, sponsored by, or operated by Jeopardy Productions, Inc. Join the discussion at JBoard.tv.